Un mito familiar /
Guardado en:
| Autor Principal: | |
|---|---|
| Formato: | Libro |
| Publicado: |
Buenos Aires :
Planeta,
2010
|
| Materias: | |
| Etiquetas: |
Agregar Etiqueta
Sin Etiquetas, Sea el primero en etiquetar este registro!
|
| LEADER | 00597nam a22002175a 4500 | ||
|---|---|---|---|
| 001 | CEM.cems013423 | ||
| 005 | 20101008123801.0 | ||
| 008 | 130507s2010##################000#0#####d | ||
| 003 | CEMS | ||
| 020 | |a 9789504924012 | ||
| 082 | 0 | 4 | |a A868.4 |
| 100 | 1 | |a Martínez, Julio G. | |
| 245 | 1 | 0 | |a Un mito familiar / |c Julio G. Martínez |
| 260 | |a Buenos Aires : |b Planeta, |c 2010 | ||
| 300 | |a 264 p. | ||
| 653 | |a Literatura | ||
| 653 | |a Literatura argentina | ||
| 653 | |a Autores bahienses | ||
| 653 | |a Cuentos | ||
| 653 | |a Cuento argentino | ||
| 859 | |a CEMS |b BIB. CEMS - 11 de abril |h A868.4 |i M366 |p 26042.10 |t Ej.1 | ||
